000 00961nam0a22002531 4500
001 rc\674755
005 20260405075305.0
035 _a(NLR Aleph) 005912772
090 _a6394185
_c6394185
100 _a20031121d1986 |||y0rusy50 ca
101 0 _arus
102 _aRU
105 _aa |||||||||
200 1 _aФормирование стального слитка
_eТемат. сб. науч. тр.
_fАН УССР, Ин-т пробл. литья
_g[Редкол.: В.А. Ефимов (отв. ред.) и др.]
210 _aМ.
_cМеталлургия
_d1986
215 _a87 с.
_cил.
_d21
320 _aБиблиогр. в конце ст.
702 1 _4340
_8rus
_7ca
_aЕфимов
_bВ. А.
_cд-р техн. наук, металлургия
_f1921-2002
_gВиктор Алексеевич
_3RU\NLR\AUTH\7726869
_99907
801 0 _aRU
_bNLR
_gpsbo
801 1 _aRU
_bELAR
_2rusmarc
852 _aNLR
_j87-4/875
942 _cBOOK
980 _aNB